01128nam a2200241 a 450000100060000000300090000600800410001502000150005604000280007108200170009910000610011624500580017726000310023530000110026650502830027759000470056065000320060765000260063965000400066594200120070599900170071795201520073419704CO-ViMGA141112s2004 ck r 000 u spa d a9682430380 aCO-ViMGAbspacCO-ViMGA04a370.19 A551f1 aAlmaguer Salazar, Teresa; Elizondo Huerta, Aurora92852110aFundamentos sociales y psicologicos de la educación aMexico : bTrillas, c1998 a125 p. aTEMAS. I TEORIA MODERNA Y FUNCIONES SOCIALES DE LA educación, II LA educación EN LA REGION Latinoaméricana, III PolíticaS INTERNACIONALES Y educación EN América, IV PSICOLOGIA EDUCATIVA, V EL DESARROLLO HUMANO Y LAS DIFERENCIAS INDIVIDUALES, VI EVALUACION Y MEDICION aForma de adquisición : Premio Mincultura14aPSICOLOGIA EDUCATIVA91491414aPSICOPEDAGOGIA91491514aSOCIOLOGIA DE LA educación953660 2ddccBK c28839d28839 00102ddc40708003aMEVIECARbMEVIECARd2015-12-04hVolumen. 1 | 11/jun/2009l0o370.19 A551f p19704r2015-12-04 00:00:00tEj. 1w2015-12-04yBK